01752nam a2200409 a 450000100060000000300080000600500170001400600190003100700150005000800410006502400100010603500230011603500240013903500250016303500210018804000260020905000210023508000080025608200120026410000320027624500800030826000490038830000110043750001020044852002830055053301640083365000400099765000360103765000390107365000370111265500270114970000340117670000340121071000190124485600620126399900170132551037FlNmELB20241216232256.0m o d | cr cn|||||||||201201r2012 cu |||||s|||||||||||spa d8 zTesis a(MiAaPQ)EBC3201208 a(Au-PeEL)EBL3201208 a(CaPaEBR)ebr10584500 a(OCoLC)929370183 aFlNmELBbspacFlNmELB 4aLA173bL563 2012 a37804a3782221 aLeón Valladares, Dayneri.13aEl pie del taekwondoistah[recurso electronico]cDayneri León Valladares. aLa Habana :bEditorial Universitaria,c2012. a197 p. aTesis (doctorado) - Universidad de Ciencias de la Cultura Física y el Deporte "Manuel Fajardo". aSe realizó un estudio ecográfico a 40 atletas, divididos en dos grupos, uno control y otro experimental, integrados por 20 taekwondoistas, 10 femeninos y 10 masculinos en cada grupo, relacionando las lesiones con el género y pie afectado, incluyendo mediciones tendinosas. aRecurso electrónico. Santa Fe, Arg.: e-libro, 2015. Disponible vía World Wide Web. El acceso puede estar limitado para las bibliotecas afiliadas a e-libro. 4aEducación.xEducación física. 4aEducation.xPhysical education. 4aDeportes y Recreación.xGeneral. 4aSports and Recreation.xGeneral. 4aLibros electrónicos.1 aAnillo Badía, Ricardo.4drt1 aLeón Pérez, Sofía.4drt2 ae-libro, Corp.40uhttps://elibro.net/ereader/politecnicointernacional/90422 c51037d51037